000 00430nam a22001697a 4500
005 20181016143551.0
008 160601b xxu||||| |||| 00| 0 eng d
020 _a81-203-2253-3
041 _aeng
082 _b6746
_a658.403
100 _aKelkar, S.A.
_91050
245 _aManagement Information Systems
260 _aNew Delhi
_bPractice hall of India, Pvt. Ltd.
300 _a255
650 _aManagement
_9241
942 _cBK
999 _c2348
_d2347